Teoría económica y economía política (Registro nro. 4355)

Detalles MARC
000 -LEADER
fixed length control field 01760 a2200229 4500
001 - CONTROL NUMBER
control field 47416
005 - DATE AND TIME OF LATEST TRANSACTION
control field 20260407155741.0
008 - FIXED-LENGTH DATA ELEMENTS--GENERAL INFORMATION
fixed length control field 260407a1975 arg spa d
003 - CONTROL NUMBER IDENTIFIER
control field AR-UNSa-BCEJYS
040 ## - CATALOGING SOURCE
Original cataloging agency AR-UNSa-BCEJYS
Language of cataloging spa
Transcribing agency AR-UNSa-BCEJYS
080 ## - UNIVERSAL DECIMAL CLASSIFICATION NUMBER
Universal Decimal Classification number 330
Common auxiliary subdivision Economía en general
020 ## - INTERNATIONAL STANDARD BOOK NUMBER
International Standard Book Number 84-270-0288-2
100 1# - MAIN ENTRY--PERSONAL NAME
Personal name Bofill, Mireia
245 10 - TITLE STATEMENT
Title Teoría económica y economía política
264 #1 - PRODUCTION, PUBLICATION, DISTRIBUTION, MANUFACTURE, AND COPYRIGHT NOTICE
Place of production, publication, distribution, manufacture Barcelona :
Name of producer, publisher, distributor, manufacturer Ediciones Martínez Roca
Date of production, publication, distribution, manufacture, or copyright notice 1975
300 ## - PHYSICAL DESCRIPTION
Extent 278 p.
Dimensions 20 cm.
505 ## - FORMATTED CONTENTS NOTE
Formatted contents note Parte I: 1. La enseñanza de la economía - 2. Preludio a una crítica de la teoría económica - 3. Modelos de crecimiento de equilibrio - 4. Precios de los factores no igualados - 5. Solow y la tasa de rendimiento - 6. Comentario de Robinson al comentario de Findlay sobre Robinson - 7. El filo de la navaja de Harrod - 8. La teoría prekeynesiana después de Keynes - 9. La soberanía del consumidor en una economía planificada - 10. Wiles y la economía política del consumismo -- Parte II: 11. Kalecki y Keynes - 12. La "Teoría general" veinticinco años más tarde - 13. Después del pleno empleo - 14. El capitalismo en nuestros días - 15. "Liquidez general" - 16. Tipos internos de interés - 17. La desaparición definitiva del "Iaissez-faire" -- Parte III: 18. Marxismo: religión y ciencia - 19. ¿Qué queda del marxismo? - 20. ¿Ha cambiado el capitalismo? - 21. Una reconsideración de la teoría del valor -- Parte IV: 22. India, 1955: desempleo y planificación - 23. China, 1963: las comunas - 24. Corea, 1964: milagro económico.
590 ## - LOCAL NOTE (RLIN)
Local note niveau_biblio:m niveau_hierar:0
700 1# - ADDED ENTRY--PERSONAL NAME
Personal name Robinson, Joan
856 41 - ELECTRONIC LOCATION AND ACCESS
Uniform Resource Identifier <a href="https://www.biblioeco.unsa.edu.ar/pmb/images/libros/L127497.jpg">https://www.biblioeco.unsa.edu.ar/pmb/images/libros/L127497.jpg</a>
Link text Imagen de portada
Electronic format type image/jpeg
942 ## - ADDED ENTRY ELEMENTS (KOHA)
Koha item type
Existencias
Withdrawn status Lost status Damaged status Not for loan Home library Current library Shelving location Date acquired Total checkouts Full call number Barcode Date last seen Price effective from Koha item type
        Biblioteca Prof. Eusebio Cleto del Rey Biblioteca Prof. Eusebio Cleto del Rey   07/04/2026   330 R655 L127497 07/04/2026 07/04/2026 Libro